000 00749nam a2200253Ia 4500
003 OSt
005 20221005033504.0
006 a|||||r|||| 00| 0
007 ta
008 221004b |||||||| |||| 00| 0 urd d
020 _a8188498157 (hbk)
_c40
024 _a24030
037 _b4623, 31/12/2015, Kitabi Duniya
_cTextual
040 _aCRL
_cCRL
_burd
041 _2urd
_aurd
082 _aO168,1NSAx, P5
100 _aSahar, Syed Ahmad
_9586126
245 0 _aBayaz - e - Hamd - o - Sana
260 _aDelhi
_bBismah Kitab Ghar India
_c2005
300 _a96p.
_ccm.
650 _aURDU POETRY
942 _hO168,1NSAx, P5
_cTEXL
_2cc
999 _c941622
_d941622